| 000 | 00847cam a22002294a 4500 | ||
|---|---|---|---|
| 999 |
_c7787 _d7787 |
||
| 003 | OSt | ||
| 005 | 20200521123334.0 | ||
| 008 | 021030s2003 nyua b 001 0 eng | ||
| 020 | _a0393731197 (pbk.) | ||
| 082 | 0 | 0 |
_a720.9CUR _221 |
| 100 | 1 |
_aCurl, James Stevens, _d1937- |
|
| 245 | 1 | 0 |
_aClassical architecture : _ban introduction to its vocabulary and essentials, with a select glossary of terms / _cJames Stevens Curl. |
| 250 | _a[2nd ed.] | ||
| 260 |
_aNew York : _bNorton, _c2003. |
||
| 300 |
_a231 p. : _bill. ; _c28 cm. |
||
| 500 | _a"1st American pbk. ed."--T.p. verso. | ||
| 500 | _aFirst published in 1992; 2nd ed. originally published in London by B.T. Batsford. | ||
| 504 | _aIncludes bibliographical references (p. 223-225) and index. | ||
| 650 | 0 | _aArchitecture, Classical. | |
| 650 | 0 | _aClassicism in architecture. | |
| 942 | _2ddc | ||